Kombinatorische Opozierung und algoritmische Prinzipien
Salvato in:
| Autore principale: | |
|---|---|
| Natura: | Libro |
| Lingua: | tedesco |
| Pubblicazione: |
Bonn
Institut für Ökonometrie und Operations Research
1984
|
| Serie: | Report
No. 84355-OR |
| Tags: |
Nessun Tag, puoi essere il primo ad aggiungerne!!
|
MARC
| LEADER | 00000nam a2200000 4500 | ||
|---|---|---|---|
| 001 | c109190 | ||
| 005 | 20181203150305.6 | ||
| 041 | 0 | |a ger | |
| 044 | |a DE | ||
| 245 | 1 | 0 | |a Kombinatorische Opozierung und algoritmische Prinzipien |c Bernhard Korte |
| 264 | 1 | |a Bonn |b Institut für Ökonometrie und Operations Research |c 1984 | |
| 300 | |a 44 s. | ||
| 490 | 1 | |a Report |v No. 84355-OR | |
| 830 | 0 | |a Report |v No. 84355-OR | |
| 100 | 1 | |a Korte, Bernhard | |